000 00740nam a22001937a 4500
999 _c191715
_d191715
005 20220901120137.0
010 _aUR-11695
020 _a9789392496554
_c300.00
035 _aU-10250
037 _bDBAD/PUB
_a-
082 _a843.085414
100 _aایم ، نصر الّاہ نصر
245 _aبنگان میں ارد و ناولٹ نگاری /
_cایم ، نصر الّاہ نصر
_hا ر د و
246 _aBengal Mein Urdu Novel Nigari: a critical approach to urdu novelette /
_bby M. Nasrullah Nasr
260 _aNew Delhi
_bEducational Publishing House
_c2022 ء
270 _aH.O. D1/16, Ansari Road, Daryaganj
_bNew Delhi
_e110002
300 _a192 ص
_c22cm(Hb)
942 _2ddc
_cUR
_h843.085414
_mا ی م